| Tag |
First Indicator |
Second Indicator |
Subfields |
| LEADER |
00000cam a2200000 a 4500 |
| 001 |
in00000894113 |
| 005 |
20150923152024.0 |
| 007 |
hd afa013baca |
| 007 |
hd bfa013baaa |
| 008 |
860508s1676 miu a 00010 gre d |
| 035 |
|
|
|a (OCoLC)13547082
|
| 035 |
|
|
|9 AEL9009AM
|
| 037 |
|
|
|a CL0037000055
|b University Microfilms International
|
| 037 |
|
|
|b University Microfilms International, 300 N. Zeeb Rd., Ann Arbor, MI 48106
|
| 040 |
|
|
|a EAG
|c EAG
|d m/c
|d UtOrBLW
|
| 049 |
|
|
|a TXAI
|
| 090 |
|
|
|a PA4442
|b .A2 1676
|
| 099 |
|
|
|a film
|a B
|a 3609
|
| 100 |
0 |
|
|a Theocritus.
|
| 240 |
1 |
0 |
|a Idylls.
|f 1676
|
| 245 |
1 |
0 |
|a Theokritou tou susakousiou, ta euriskomena, syn goiz tōn palaiōn scholioiz.
|
| 264 |
|
1 |
|a [Oxford] :
|b Ek Theatrou en Oxonia ...,
|c 1676.
|
| 300 |
|
|
|a 8 unnumbered pages, 216 pages
|
| 336 |
|
|
|a text
|b txt
|2 rdacontent
|
| 337 |
|
|
|a microform
|b h
|2 rdamedia
|
| 338 |
|
|
|a microfilm reel
|b hd
|2 rdacarrier
|
| 500 |
|
|
|a Reproduction of original in the Harvard University Library.
|
| 510 |
4 |
|
|a Wing
|c T850
|
| 533 |
|
|
|a Microfilm.
|b Ann Arbor, Mich. :
|c University Microfilms International,
|d 1984.
|e 1 microfilm reel ; 35 mm.
|f (Early English books, 1641-1700 : 1558:17)
|
| 500 |
|
|
|a Microform.
|
| 830 |
|
0 |
|a Early English books, 1641-1700 ;
|v 1558:17.
|
| 999 |
|
|
|a MARS
|
| 999 |
f |
f |
|s a29c455b-dc03-3c7f-9cb2-04dddad80445
|i eac03163-951f-3dfc-af89-da71f33fc744
|t 0
|
| 952 |
f |
f |
|p default
|a Texas A&M University
|b College Station
|c Sterling C. Evans Library
|d Evans: Microforms (3rd floor)
|t 0
|e film B 3609 1558:17
|h Other scheme
|i microform -- microfilm reel
|
| 998 |
f |
f |
|a film B 3609 1558:17
|t 0
|l Evans: Microforms (3rd floor)
|